Shattering the myths : women in academe /

Bibliographic Details
Main Author: Glazer-Raymo, Judith
Format: Book
Language:English
Published: Baltimore, Md. : Johns Hopkins University Press, 1999.
Subjects:

MARC

Tag First Indicator Second Indicator Subfields
LEADER 00000cam a2200000 a 4500
001 in00001494821
005 20151021084757.0
008 981027s1999 mdu b 001 0 eng
010 |a  98049542  
020 |a 0801861209 (alk. paper) 
035 |a (OCoLC)40251699 
035 |9 AJJ7929AM 
040 |a DLC  |c DLC  |d TXA  |d UtOrBLW 
043 |a n-us--- 
049 |a TXAM 
050 0 0 |a LB2332.3  |b .G53 1999 
082 0 0 |a 378.1/2/082  |2 21 
100 1 |a Glazer-Raymo, Judith. 
245 1 0 |a Shattering the myths :  |b women in academe /  |c Judith Glazer-Raymo. 
264 1 |a Baltimore, Md. :  |b Johns Hopkins University Press,  |c 1999. 
300 |a xv, 237 pages ;  |c 25 cm. 
336 |a text  |b txt  |2 rdacontent 
337 |a unmediated  |b n  |2 rdamedia 
338 |a volume  |b nc  |2 rdacarrier 
504 |a Includes bibliographical references (pages 209-226) and index. 
650 0 |a Women college teachers  |z United States  |x History. 
650 0 |a Women college teachers  |z United States  |x Social conditions. 
650 0 |a Feminism and education  |z United States  |x History. 
650 0 |a Educational equalization  |z United States  |x History. 
948 |a c:rd 
999 |a MARS 
999 f f |s da960ab7-564f-37c1-bdec-3aa47d07e633  |i 68645890-ce7c-3fc7-8e21-57637a5c871f  |t 0 
952 f f |p normal  |a Texas A&M University  |b College Station  |c Sterling C. Evans Library  |d Evans: Library Stacks  |t 0  |e LB2332.3 .G53 1999  |h Library of Congress classification  |i unmediated -- volume  |m A14825067993 
998 f f |a LB2332.3 .G53 1999  |t 0  |l Evans: Library Stacks